000
00344 a2200145 4500
999
_c
11332
_d
11332
003
OSt
005
20230320202117.0
008
230320b ||||| |||| 00| 0 eng d
020
_a
9780241340714
082
_a
720 DAN
245
_a
Manmade wonders of the world
260
_b
Dorling Kindersley
_a
London
_c
2019
300
_a
336p.;
942
_2
ddc